01176nam a2200253 a 450000100100000000500170001000800410002702000150006804000250008308200150010810000360012324500710015926000870023030000250031749000230034250400270036583000300039204900090042295201280043195201140055995201130067395201190078699900170090500003007820200930060026.0110428s2006 dr a 000 0 spa d z9993459046 aDO-SdBNPbspacBNPHU axxxbM553g1 aMercedes, José Ramón95678510aCultivo de bambú :bGuía técnica /cJosé Ramón Mercedes. aSanto Domingo :bCentro para el Desarrollo Agropecuario y Forestal (CEDAF),c2006. a37 p. :bil. ;c28p.1 aRecursos naturales aBibliografía : p. 37 0aRecursos naturales956786 aBNPD 001052708DSaGRbGRcHDd2013-07-08iLF1l0oxxx M553gp30078-30r2020-06-25te. 3w2020-06-25yLFDSZPréstamo interno 00107-18PDaGRbGRcOId2013-07-08iLF1l0oxxx M553gp30078-40r2020-06-25w2020-06-25yLFPDZNo se presta 0010718PDaPDbPDcHDd2011-04-28iLF1l0oxxx M553gp30078-10r2020-06-25w2020-06-25yLFPDZNo se presta 0010718PDaPDbPDcHDd2013-07-08iLF1l0oxxx M553gp30078-20r2020-06-25te. 2w2020-06-25yLFPDZNo se presta c29570d29570